Statistics for Paramedic Medical Terminology

Click here to take the quiz!

General Stats

  • This quiz has been taken 110 times
  • The average score is 6 of 44

Answer Stats

HintAnswer% Correct
BruiseContusion
49%
Below the duraSubdural
38%
Blood clotThrombus
33%
HivesUrticaria
33%
Blood in vomitHematemesis
32%
Most common, least serious type of TBIConcussion
29%
When medication is injected into the area around the spinal cordEpidural
29%
Coughing up bloodHemoptysis
29%
Blood in stoolMelena
27%
Reddened skinErythema
21%
Cellular eatingPhagocytosis
21%
Opposite sideContralateral
19%
Blood clotEmbolus
18%
Same sideIpsilateral
18%
Dyspnea while lying flatOrthopnea
18%
Fluid in the peritoneal cavityAscites
16%
Toxic to cellsCytotoxic
16%
Platelet deficencyThrombocytopenia
16%
Bright red blood in stoolHematochezia
15%
Partial dislocationSubluxation
15%
Moral philosophyEthics
14%
Cellular drinkingPinocytosis
14%
ItchynessPruritus
13%
Weakness of entire left or right side of bodyHemiparesis
12%
A dry, dark scab. A stage of wound healingEschar
8%
Conduction toward somethingAfferent
6%
Generalized edemaAnasarca
6%
Conduction away from somethingEfferent
6%
White/grey patch on the toungueLeukoplakia
5%
Resistant to authority or disciplineRecalcitrant
5%
Large embolism at the bifurcation of the pulmonary arterySaddle embolus
5%
An abnormal union of membranous surfaces due to inflammation or injuryAdhesion
4%
Fatty deposits and scar tissue in a blood vesselAtheroma
4%
Skin and bonesCachexia
4%
Release of granules from a cellDegranulation
4%
High lipid levelsHyperlipidema
4%
Enzymes that differ in amino acid sequence but cause the same reaction.Isoenzymes
4%
Connects the stomach and other abdominial organsOmentum
4%
Breaks down the phosphodiester bondPhosphodiesterase
4%
Connected with a professionProfessional
4%
Body humors, especially serumHumoral
2%
Temporary improvement after a TBILucid period
2%
Characteristic consistent with a particular diseasePathognomonic
2%
To shake throughPercussion
2%

Score Distribution

Percentile by Number Answered

Percent of People with Each Score

Your Score History

You have not taken this quiz